El desertor : (y otros relatos sobre la guerra de malvinas) /

Guardado en:
Autor Principal: Eckhardt, Marcelo
Otros Autores: Ottoyonsohn, il.
Formato: Libro
Publicado: Buenos Aires : Quipu, 2013
Series:Los naranjas de Quipu
Materias:
Etiquetas: Agregar Etiqueta
Sin Etiquetas, Sea el primero en etiquetar este registro!
LEADER 00932nam a22002895a 4500
001 CEM.cems014408
005 20140520152517.0
008 130507s2013##################000#0#####d
003 CEMS
020 |a 9789875040878 
082 0 4 |a A868.4 
100 1 |a Eckhardt, Marcelo 
245 1 0 |a El desertor :  |b (y otros relatos sobre la guerra de malvinas) /  |c Marcelo Eckhardt ; ilustraciones de Ottoyonsonh 
260 |a Buenos Aires :  |b Quipu,  |c 2013 
300 |a 128 p. 
490 0 |a Los naranjas de Quipu 
653 |a Literatura 
653 |a Literatura argentina 
653 |a Narrativa 
653 |a Narrativa argentina 
653 |a Guerra de malvinas 
653 |a Malvinas 
653 |a Ministerio de educación-colección literaria 
653 |a Cuentos 
700 1 |a Ottoyonsohn, il. 
859 |a CEMS  |b BIB. CEMS - 11 de abril  |h A868.4  |i Ec575  |p 26928.14  |t Ej.1 
859 |a CEMS  |b BIB. CEMS - 11 de abril  |h A868.4  |i Ec575  |p 27700.19  |t Ej.2